La tentación autoritaria: la nueva izquierda europea: entre el resurgimiento y el populismo /
Guardat en:
| Autor principal: | |
|---|---|
| Format: | Llibre |
| Idioma: | Spanish |
| Etiquetes: |
Afegir etiqueta
Sense etiquetes, Sigues el primer a etiquetar aquest registre!
|
MARC
| LEADER | 00000nam a22000007a 4500 | ||
|---|---|---|---|
| 003 | cru CIDCACS/IIS | ||
| 005 | 20170719095035.0 | ||
| 007 | ta | ||
| 008 | 170713s2016 ag ||||| |||| 00| 0 spa d | ||
| 999 | |c 19446 |d 19446 | ||
| 040 | |c cru CIDCACS/IIS | ||
| 100 | 1 | |9 4987 |a Vogel, Steffen | |
| 245 | 1 | 3 | |a La tentación autoritaria: |b la nueva izquierda europea: entre el resurgimiento y el populismo / |c Steffen Vogel |
| 300 | |a páginas 139-149 | ||
| 773 | 0 | |0 19022 |9 1032 |a Fundación Friedrich Ebert |d Fundación Friedrich Ebert; Nueva Sociedad |o 17841 |t Nueva Sociedad / | |
| 942 | |2 ddc |c PP | ||
